[Event "EU-chT (Men) 12th"]
[Site "Batumi"]
[Date "1999.12.07"]
[Round "9.4"]
[White "Manninen, Marko"]
[Black "Bakhtadze, Giorgi"]
[Result "0-1"]
[WhiteElo "2426"]
[BlackElo "2403"]
[Annotator "Alterman,B"]
[PlyCount "76"]
[EventDate "1999.11.06"]
[EventType "team-swiss"]
[EventRounds "9"]
[EventCountry "GEO"]
[SourceTitle "CBM 074"]
[Source "ChessBase"]
[SourceDate "2000.02.01"]
[SourceVersion "1"]
[SourceVersionDate "2000.02.01"]
[SourceQuality "1"]
[WhiteTeam "Finland"]
[BlackTeam "Georgia II"]
[WhiteTeamCountry "FIN"]
[BlackTeamCountry "GEO"]

1. d4 Nf6 2. Bg5 e6 3. e4 h6 4. Bxf6 Qxf6 5. Nc3 Bb4 6. Qd2 d6 (6... c5 7. a3
Ba5 (7... Bxc3 8. bxc3 d6 9. f4 (9. Nf3 O-O 10. Be2 Nc6 11. O-O e5 $11) 9...
O-O (9... e5 10. Bb5+ Bd7 11. Rb1 exf4 12. Ne2 g5 $132 {1-0 Hall,J-DeFirmian,N/
Malmoe SWE 1999 (20)}) 10. Nf3 Nc6 11. Bb5 Na5 12. Bd3 b6 13. O-O Bb7 14. Rae1
Rac8 15. e5 Qe7 16. f5 $40 {1-0 Hodgson,J-Yudasin,L/GP Rapid qual. 1994 (36)})
(7... cxd4 8. axb4 dxc3 9. bxc3 O-O 10. Nf3 Nc6 11. b5 Ne5 12. Nxe5 Qxe5 13.
Qd4 Qxd4 14. cxd4 d5 $14 {1-0 Hodgson,J-Pritchett,C/EuCl Cup Prelim 1996 (59)})
8. b4 cxd4 9. Nb5 Bb6 10. Nd6+ Ke7 11. Nf3 Nc6 12. Nc4 Bc7 (12... Bc7 $17) 13.
b5 Bf4 14. Qd1 Ne5 15. Nxd4 Rd8 16. c3 (16. g3 d5 $17) 16... d5 $17 {0-1
Schneider,S-Kogan,A/Politiken Copenhagen DEN 1996 (28)}) (6... e5 7. dxe5 Qxe5
8. Nge2 d6 9. a3 Ba5 10. f4 Qf6 11. O-O-O Nc6 $132) (6... Nc6 7. Nf3 e5 8. dxe5
Nxe5 9. Nd4 O-O 10. Be2 Nc6 11. Ndb5 Ba5 12. O-O a6 13. Na3 Bxc3 14. Qxc3 Qxc3
15. bxc3 Re8 $15 {1-0 Benjamin,J-DeFirmian,N/New York 1995 (89)}) (6... O-O 7.
f4 c5 8. e5 Qe7 9. a3 cxd4 10. axb4 dxc3 11. bxc3 f6 12. Nf3 b6 (12... fxe5 13.
Nxe5 Qf6 14. g3 Nc6 15. Nxc6 bxc6 16. Bg2 Bb7 (16... a5 17. O-O a4 18. Rfe1 Rd8
19. Ra3 d5 (19... Qf5 $2 20. Bxc6 {1-0 Rabinovich,A-Plasman,H/Dieren NED 1999 
(20)}) 20. Rea1 e5 21. fxe5 Qxe5 22. Rxa4 Rxa4 23. Rxa4 Re8 24. Ra8 $16) 17.
O-O Rf7 18. Ra5 $14) 13. Nh4 Qf7 (13... Rd8 14. Nf5 $1 $16) 14. Bd3 Bb7 15. O-O
$14) 7. a3 (7. O-O-O Nd7 8. a3 $11 (8. Kb1 O-O 9. Nf3 $11 (9. f4 e5 10. Nge2 (
10. fxe5 dxe5 11. Nf3 exd4 12. Nxd4 Rd8 $15) 10... exd4 11. Qxd4 Qxd4 12. Nxd4
Bxc3 13. bxc3 a6 14. Bd3 Nc5 $15 {0-1 Hennig,D-Bischoff,K/BL 1994 (64)}))) (7.
f4 $6 e5 8. fxe5 (8. dxe5 dxe5 9. fxe5 (9. f5 $2 Bxc3 10. Bb5+ (10. Qxc3 Qh4+
$17) 10... Bd7 11. Bxd7+ Nxd7 12. Qxc3 Qh4+ $17 {0-1 Gunter,D-Ward,C/open, St
Heliers JER 1997 (15)}) 9... Qxe5 10. O-O-O Nd7 11. Nf3 Bxc3 $15) 8... dxe5 9.
Nf3 exd4 10. Qxd4 Qxd4 11. Nxd4 Bxc3+ 12. bxc3 O-O $15) 7... Ba5 (7... Bxc3 8.
Qxc3 (8. bxc3 e5 9. Bb5+ c6 10. Bc4 O-O 11. Ne2 Re8 12. f3 Nd7 13. O-O $132 {
1/2-1/2 Zlochevskij,A-Iotti,P/Montecatini Terme ,EXT 1995 (41)}) 8... O-O (8...
Nc6 9. Nf3 O-O 10. Bd3 Qe7 11. e5 f6 12. exd6 cxd6 13. O-O f5 14. Rae1 Qf6 15.
b4 a6 16. a4 $14) 9. e5 (9. Nf3 Nc6 10. Bd3 (10. e5 Qe7 11. O-O-O Bd7 12. h4
Rab8 13. Qe3 b5 $132 {1/2-1/2 Tolnai,T-Yudasin,L/Budapest HUN 1999 (24)}) 10...
Qe7 11. e5 Rd8 12. O-O Bd7 13. Rfe1 dxe5 14. dxe5 $14 {1-0 Szymanski,M-Balogh,
C/Artek UKR 1999 (30)}) 9... Qe7 10. Nf3 b6 11. Be2 Bb7 12. O-O-O Rc8 (12...
Bxf3 13. gxf3 d5 14. Rhg1 c5 15. Qe3 $16 {[%csl Rc5,Rh6]}) 13. Kb1 Nd7 14. h4
c5 15. exd6 Qxd6 16. dxc5 Qe7 17. c6 (17. Qe3 Rxc5 $132) 17... Bxc6 $132 {
1/2-1/2 Fernandes,A-Spasov,V/Yerevan (ol) 1996/Inf 67/ (61)}) 8. f4 (8. O-O-O
Nd7 9. f4 Bxc3 10. bxc3 Nb6 11. Bd3 Bd7 12. Ne2 d5 13. e5 Qe7 14. Kb2 c5 $17 {
0-1 Groffen,H-Van Doeland,J/NED tt 1994 (55)}) (8. Nf3 Nd7 9. Be2 O-O (9... c6
10. O-O e5 11. d5 $132 (11. dxe5 dxe5 12. b4 Bc7 $15 {0-1 Ionescu,D-Vasiesiu,D/
Bucharest ROM 1999 (38)})) 10. O-O c6 11. b4 Bc7 12. Rfe1 e5 13. d5 $132 {
0-1 Soffer,R-Rapoport,E/Invitational, Rishon LeZion ISR 1997 (33)}) (8. Nge2 e5
9. b4 Bb6 10. Nd5 Qd8 11. Rd1 exd4 12. Nxd4 O-O 13. Be2 Re8 14. O-O Rxe4 $17 {
1-0 Romero Holmes,A-Van Beek,L/Wijk aan Zee NED 1998 (75)}) 8... Bxc3 $1 $146 (
8... O-O $6 9. Nf3 c5 10. b4 cxd4 (10... cxb4 11. Nb5 Nc6 12. axb4 Bxb4 13. c3
Ba5 14. Nxd6 Bc7 15. e5 $14) 11. Nb5 Bb6 12. Nxd6 Nc6 13. e5 Qe7 14. Bd3 Bd7
15. Nxb7 $1 (15. O-O $14 {1-0 Hodgson Julian M-Enders,P/BL 1994 (42)}) 15... f6
(15... Rab8 16. Nd6 f6 17. Qe2 fxe5 18. fxe5 Rf4 19. O-O $16) 16. b5 fxe5 (
16... Nd8 17. Nxd8 Raxd8 18. O-O $16) 17. bxc6 Bxc6 18. Na5 Bxf3 (18... Bxa5
19. Qxa5 Bxf3 20. gxf3 Qh4+ 21. Kd1 Qxf4 22. Be4 $16) 19. gxf3 Rxf4 20. Be4 $16
) (8... g5 $5 9. Nh3 gxf4 (9... g4 10. Nf2 h5 11. e5 $14) 10. Nxf4 c6 (10...
Nc6 11. Bb5 Bd7 12. Nfe2 O-O-O $11) 11. Bc4 d5 12. e5 $132 {1-0 Hodgson,
J-Granda Zuniga,J/Amsterdam 1996/CBM 55/(34)} (12. exd5 cxd5 13. Bb5+ Nc6 14.
O-O)) 9. bxc3 e5 10. g3 (10. Ne2 O-O $11) 10... O-O 11. Nf3 $6 $15 (11. Bg2 $11
) 11... exd4 $5 {Right decision.} (11... Nd7 $11) 12. cxd4 Re8 13. e5 {The
early approach in center is not dangerous - the white pieces are not developed}
dxe5 14. Nxe5 (14. dxe5 Bg4 15. Bg2 Nc6 16. O-O Qe7 $15) 14... Qd6 $1 15. Bc4 (
15. Be2 f6 16. Nc4 Qe7 $15) 15... Be6 16. Bxe6 Rxe6 17. O-O Nc6 18. Rfd1 (18.
c3 $142 Nxe5 (18... Rae8 19. Qb2 b6 $15) 19. fxe5 Rxe5 20. Rxf7 $1 Re7 (20...
Kxf7 21. Qf4+ Kg8 22. dxe5 Qe6 $15 (22... Qc5+ 23. Qd4)) 21. Rxe7 Qxe7 22. a4
Re8 $15) 18... Rd8 19. Qf2 Nxe5 20. fxe5 $2 $17 (20. dxe5 $142 Qxd1+ 21. Rxd1
Rxd1+ 22. Kg2 b6 23. Qe2 Rd7 $15) 20... Qd5 {[%csl Ra3,Rc2,Rd4]} 21. Rd3 Rc6
22. c3 (22. Rf1 Rd7 $17) 22... Ra6 23. Qa2 Ra4 24. Qb2 (24. Qxd5 Rxd5 $17 {
[%cal Gd5a5]}) 24... b5 25. Re1 (25. Rf1 a6 $17) 25... a6 26. e6 $5 {Desperate
attempt to intercept the initiative} (26. Ree3 Re8 $17) 26... fxe6 27. Rde3 Rd6
28. Re5 Qf3 (28... Qc6 29. R1e3 Rc4 $17 {[%cal Ga6a5,Gb5b4]}) 29. Rc5 $2 $19 (
29. R5e3 Qc6 $17) 29... Rc6 {Rook exchange for the benefit of black.} 30. Rxc6
Qxc6 31. Re3 Rc4 32. Qe2 Qd7 $2 $17 (32... e5 $1 33. Rxe5 (33. dxe5 Rxc3 $19)
33... Rxc3 $19) 33. Rxe6 $6 (33. Qe1 $17) 33... Rxc3 34. Qe5 (34. Re8+ Kf7 $19)
34... Rc4 35. d5 Qf7 36. Qe3 $2 (36. Rc6 Rxc6 37. dxc6 Kh7 $17) 36... Qf5 37.
Qd2 Rc2 38. Qe3 Qxd5 {The mature game of the young Georgian chess player makes
a good impression!} 0-1

[Event "GER-ch 71st"]
[Site "Altenkirchen"]
[Date "1999.11.20"]
[Round "9"]
[White "Jugelt, Tobias"]
[Black "Von Herman, Ulf"]
[Result "1-0"]
[WhiteElo "2401"]
[BlackElo "2407"]
[Annotator "Alterman,B"]
[PlyCount "67"]
[EventDate "1999.11.12"]
[EventType "swiss"]
[EventRounds "9"]
[EventCountry "GER"]
[SourceTitle "CBM 074"]
[Source "ChessBase"]
[SourceDate "2000.02.01"]
[SourceVersion "1"]
[SourceVersionDate "2000.02.01"]
[SourceQuality "1"]

1. d4 Nf6 2. Bg5 e6 3. Nd2 h6 4. Bh4 b6 $6 {Allows white to trap center "free
of charge"} (4... c5 $142 5. e3 (5. c3 d5 (5... cxd4 6. cxd4 Be7 (6... Nc6 7.
e3 g5 8. Bg3 Qb6 9. Rb1 Bb4 10. Bd3 d6 11. a3 Bxd2+ 12. Qxd2 Ke7 13. Ne2 $14 {
1/2-1/2 Rausis,I-Roder,M/Las Palmas Op 1995 (26)}) 7. Ngf3 d5 $11 (7... d6 8.
e3 O-O 9. Bd3 Nbd7 10. O-O e5 11. Rc1 Nd5 12. Bg3 exd4 13. Nxd4 $16 {1-0
Rausis,I-Clausen,M/Bern SUI 1998 (20)})) 6. e3 Qb6 (6... Nbd7 7. f4 Be7 8. Bd3
b6 9. Nh3 Bb7 10. O-O Ne4 11. Bxe7 Qxe7 12. Nxe4 dxe4 13. Bb5 O-O $11 {1-0
Rausis,I-Vatter,H/Viernheim 1992 (74)}) 7. Rb1 Be7 8. Bd3 Bd7 9. Qe2 cxd4 10.
exd4 a6 11. Ngf3 Bb5 $11 {0-1 Zaichik,G-Ivanov,A/Kostroma RUS 1985 (43)}) 5...
cxd4 6. exd4 Be7 7. c3 (7. Bd3 b6 8. Ngf3 Bb7 9. O-O O-O 10. Bxf6 Bxf6 11. Be4
Qc7 12. Re1 Be7 (12... d6 13. Bxb7 Qxb7 14. Ne4 Be7 $11) (12... d5 13. Bd3 Ba6
$11) 13. Bxb7 Qxb7 14. Nc4 d5 $11 (14... d6 $11) (14... Nc6 15. d5 $14 {
1/2-1/2 Miles,A-Kasparov,G/Horgen 1994/Inf 61/ (52)})) 7... b6 8. Bd3 O-O 9.
Ngf3 Nh5 10. Bg3 Bb7 11. Ne5 Nf6 12. O-O d6 13. Nec4 Nc6 14. Ne3 $11 {0-1
Miles,A-Rowson,J/4NCL, West Bromwich ENG 1996 (56)}) (4... d5 $142 5. e3 b6 (
5... Be7 6. Bd3 Nbd7 (6... O-O 7. f4 c5 8. c3 b6 9. Ngf3 Ba6 $11 {1-0 Rausis,
I-Storland,K/Gausdal 1995 (32)}) (6... b6 7. Ngf3 (7. f4 Bb7 8. Bxf6 Bxf6 9.
Ngf3 Nc6 10. c3 Qe7 11. O-O O-O-O $132 {1-0 Klaric,Z-Hracek,Z/Kecskemet GM ,
EXT 1991 (51)}) 7... Bb7 8. Ne5 a6 9. O-O Nbd7 10. Qe2 Nxe5 11. dxe5 Nd7 12.
Bg3 Nc5 13. Qg4 g6 14. h4 h5 15. Qf4 g5 $15 {1/2-1/2 Armas,J-Hulak,K/Moscow
olm CUB-CRO 1994 (42)}) 7. c3 e5 8. Ne2 O-O 9. O-O Re8 10. b4 exd4 11. exd4 Ne4
12. Bxe7 Qxe7 13. Nf3 a5 $132 {1-0 Shabalov,A-De Firmian,N/USA-ch 1994/CBM 44 
(60)}) 6. Ngf3 Bb7 7. Ne5 Be7 8. f4 Nfd7 9. Bxe7 Qxe7 10. Bd3 Nxe5 (10... Ba6
11. Bxa6 Nxa6 12. O-O O-O 13. c3 c5 $11 {1/2-1/2 Kovacevic,V-Uhlmann,W/
Sarajevo 1982 (17)}) 11. fxe5 Nd7 12. Qe2 O-O-O 13. O-O-O Kb8 14. Nf3 f6 $11 {
1/2-1/2 Kovacevic,V-Schussler,H/Tuzla 1981 (64)}) 5. e4 $5 $14 Bb7 6. Bd3 Be7
7. c3 d6 {Scrambling for center black have lost.} (7... d5 $6 8. e5 Nfd7 9.
Bxe7 Qxe7 10. f4 c5 11. Ne2 Ba6 12. Ne4 $1 O-O (12... dxe4 13. Bxe4 Nxe5 14.
fxe5 Bb7 15. Qa4+ Kf8 16. dxc5 $1 $16) 13. Nd6 Bxd3 14. Qxd3 cxd4 15. cxd4 Nf6
16. O-O Ne8 17. Nxe8 Rxe8 18. Rac1 $16 {[%cal Gf4f5]}) 8. Qe2 (8. Ngf3 $14)
8... Nbd7 (8... c5 9. f4 cxd4 10. cxd4 d5 11. e5 Ne4 12. Bxe7 Qxe7 13. Ngf3 (
13. Nxe4 dxe4 14. Bxe4 Qb4+ 15. Kf1 Ba6 16. Bd3 Bxd3 17. Qxd3 Qxb2 $17) 13...
Nxd2 14. Qxd2 O-O 15. O-O Ba6 16. Rac1 Bxd3 17. Qxd3 Qd7 18. Nh4 $1 $14 {
[%cal Gf4f5]}) 9. f4 (9. O-O-O $5 c5 10. Ngf3 g5 11. Bg3 g4 12. Ne1 cxd4 13.
cxd4 Rc8+ 14. Kb1 e5 15. Nc2 $14 {[%csl Re8]}) 9... c5 10. Ngf3 Qc7 (10... Nh5
11. Bxe7 Qxe7 12. g3 g5 13. fxg5 (13. Qe3 gxf4 14. gxf4 Qf6 $15) (13. O-O gxf4
14. Ne1 Qg5 15. Nc4 Ke7 16. Nf3 Qg4 $17) 13... hxg5 14. O-O-O g4 15. Nh4 cxd4
16. cxd4 Rc8+ 17. Kb1 Ndf6 18. Rc1 Rxc1+ (18... O-O 19. Rcg1 $1 $16 {[%cal
Gh2h3]}) 19. Rxc1 Rg8 (19... O-O 20. e5 $18) 20. e5 dxe5 21. Qxe5 $16 {[%cal
Gc1c7]}) 11. e5 Nd5 12. Bg3 (12. Bxe7 Kxe7 (12... Nxe7 13. Nc4 Nc8 14. f5 $1
$16) 13. g3 (13. exd6+ Qxd6 14. g3 cxd4 15. Nxd4 Qc7 16. O-O Rhd8 17. Rae1 Kf8
18. N2f3 (18. f5 e5 $15) 18... Nc5 19. f5 exf5 20. Bxf5 Re8 $11) 13... cxd4 14.
cxd4 (14. exd6+ Qxd6 15. Nxd4 Qc7 $11) 14... Rhd8 15. O-O dxe5 16. fxe5 Kf8 17.
Ne4 Nb4 18. Rac1 (18. Bb1 Ba6 19. Qd2 Nd5 20. Rc1 Qb8 21. Bc2 $14) 18... Qb8
19. Bc4 b5 20. Bb3 Bd5 21. Bxd5 Nxd5 22. Nd6 $16 {[%csl Rb5,Rf7]}) 12... cxd4
13. Nxd4 (13. cxd4 Nb4 $15) 13... O-O (13... a6 14. O-O Nc5 (14... dxe5 15.
fxe5 (15. f5 exf5 16. Rxf5 O-O 17. Nc4 Rae8 18. Nxe5 Bd6 $19) 15... Nc5 16. Bc2
$14) 15. Bc2 dxe5 16. fxe5 $14) 14. O-O dxe5 (14... Rad8 15. Nb5 Qc5+ 16. Rf2 (
16. Bf2 Nxf4 $19) 16... dxe5 17. fxe5 Qe3 (17... a6 18. Ne4 Qc6 19. Nbd6 $14)
18. Nd6 (18. Nxa7 Bc5 $1 19. Kh1 Nxe5 $1 20. Be4 f5 $17) 18... Nc5 19. Nxb7 (
19. Bb5 Qxe2 20. Bxe2 $11) 19... Nxb7 20. Nf3 Nc5 21. Bc2 $14) 15. f5 $2 $15 {
Beautiful but incorrect move} (15. fxe5 Nc5 16. Bc2 (16. Bc4 a6 17. a3 Rac8
$132) 16... Ba6 17. c4 Nb4 18. Bb1 Rad8 19. N2f3 $14) 15... Nf4 $2 $14 (15...
exf5 $6 16. Nxf5 Rae8 17. Rae1 (17. Qg4 Bg5 18. Ne4 Ne3 19. Nxe3 Bxe3+ 20. Kh1
Bd5 21. Rae1 Bc5 22. Nxc5 (22. b4 Be7 $17) 22... Nxc5 23. Bc2 Qd6 $15) 17...
Bc5+ 18. Kh1 Ne7 19. Ne4 Nxf5 20. Rxf5 f6 21. Rh5 Kh8 22. Qg4 Bd5 23. Qg6 f5 (
23... Bg8 24. Ng5 fxg5 25. Rxh6+ $18) 24. Ng5 Nf6 25. Bxf5 (25. b4 $2 f4 $1 $17
(25... Bd6 26. Bxf5 Qb7 27. Re2 Bg8 $132)) 25... Bg8 (25... Qb7 26. Re2 e4 (
26... Qa6 27. Rxh6+ Kg8 (27... gxh6 28. Qxh6+ Kg8 29. Bh7+ Kh8 30. Be4+ Kg8 31.
Bxd5+ $18) 28. Bd3 $18) 27. b4 $16) 26. Rh4 $1 (26. Rxh6+ gxh6 27. Qxh6+ Nh7
28. Nxh7 Bxh7 29. Bxe5+ Rxe5 30. Rxe5 Qg7 31. Qxg7+ Kxg7 32. g4 $15) 26... a5 (
26... b5 27. b4 Bb6 28. Rxh6+ gxh6 29. Qxh6+ Bh7 (29... Nh7 30. Nxh7 Rxf5 (
30... Bxh7 31. Bxe5+ $1 Rxe5 32. Qxf8+ Bg8 33. Qf6+ $18) 31. Nf6+ Bh7 32. Nxe8
Qf7 33. Nf6 $1 Qxf6 34. Qxf6+ Rxf6 35. Bxe5 Kg7 36. h4 $16) 30. Nxh7 $18 (30.
Bxh7 Nxh7 31. Nxh7 Qxh7 32. Bxe5+ Kg8 33. Qg5+ Kf7 $11)) 27. b4 axb4 28. cxb4
Bxb4 (28... Bd6 29. Rxh6+ gxh6 30. Qxh6+ Bh7 31. Nxh7 Nxh7 32. Bxh7 Qxh7 33.
Qxd6 $16) 29. Rxb4 hxg5 30. Qxg5 Bxa2 31. Rbe4 Kg8 32. R4e2 $16) (15... Qd8 $1
16. fxe6 (16. Bxe5 Nxe5 17. Qxe5 Bf6 18. Qe1 (18. Qg3 Nb4 $1 $17) 18... e5 $17)
(16. N4b3 Bg5 17. fxe6 fxe6 18. Ne4 (18. Qe4 N7f6 19. Qxe5 Ne3 $17) 18... Bf4
19. Qg4 Qe7 20. Bh4 g5 21. Bf2 Ne3 $17) 16... exd4 17. exf7+ (17. exd7 dxc3 18.
Qe4 g6 19. bxc3 Qxd7 $19) 17... Rxf7 18. Qe6 N7f6 19. Bg6 Qe8 20. cxd4 Bb4 21.
Bxf7+ Qxf7 22. Qxf7+ Kxf7 23. Nc4 Rc8 $15) 16. Bxf4 exf4 17. fxe6 Ne5 (17...
Nf6 18. exf7+ (18. Rae1 Bc5 19. N2b3 f3 $1 20. gxf3 Bd5 $14) 18... Rxf7 19. Bg6
Rff8 20. Ne6 $18) 18. exf7+ (18. Be4 Bxe4 19. Nxe4 Nc4 (19... f3 20. exf7+ Rxf7
21. Nxf3 $16) 20. Nf5 {[%csl Rc4,Re7]} (20. exf7+ Rxf7 21. Rae1 Ne3 22. Ne6 Qe5
23. Rxf4 Rxf4 24. Qxe3 (24. Nxf4 Qxe4 25. Qxe3 Bc5 $19) 24... Rf7 $17) 20...
Bc5+ 21. Kh1 Ne3 22. Nxc5 Qxc5 23. Nxe3 Qxe3 $11) 18... Rxf7 19. Be4 Bxe4 (
19... Bd6 20. Ne6 (20. Bxb7 Qxb7 21. Ne4 Bc7 (21... Qd5 22. Rae1 Re8 23. Qb5 $1
$18) 22. Rae1 Qd5 23. b3 Rd8 $132) 20... Qc8 21. Nxf4 (21. Bxb7 Qxb7 22. Nxf4 (
22. Rxf4 Re8 23. Rxf7 Nxf7 24. Qg4 Ne5 25. Qf5 Qd7 26. Nd4 Qxf5 27. Nxf5 Bc5+
$44) 22... Raf8 23. Ne4 Ba3 $1 24. g3 (24. bxa3 Rxf4 $44 {[%csl Ra2,Ra3]})
24... Be7 25. Rad1 (25. Nd3 Nf3+ 26. Kg2 Qc6 27. Rf2 Bc5 28. Ndxc5 Ne1+ 29.
Qxe1 Rxf2+ 30. Kg1 R2f3 $15) (25. Nd2 Bc5+) (25. Rae1 g5 26. Qb5 Bc5+ 27. Nxc5
Nf3+ 28. Rxf3 Qxf3 29. Qd3 Qxd3 30. Ncxd3 gxf4 31. Nxf4 $11) 25... g5 26. Nh5
Nf3+ 27. Kg2 {[%cal Gh5f6]} g4 28. Nf4 $14) 21... Ba6 22. Nd3 $1 $16 (22. c4
Nxc4 23. Bd5 Ne5 24. Qe4 Bxf1 25. Rxf1 Qc5+ 26. Kh1 Raf8 $11)) 20. Qxe4 {
[%csl Rf4]} Re8 21. Rae1 {[%csl Rf4]} (21. Qd5 Kh8 $11) (21. Rxf4 Rxf4 22. Qxf4
Bg5 $19) 21... Bf6 22. Qd5 (22. Kh1 Rfe7 23. Nf5 (23. Qd5+ Kh8 24. Nb5 (24.
Rxf4 Bg5 $19) 24... Qc5 25. Qxc5 bxc5 26. Nd6 (26. Rxf4 Bg5 27. Rf2 Nd3 $19)
26... Rd8 27. N2c4 Nxc4 28. Nxc4 Rxe1 29. Rxe1 g5 30. Kg1 Kg7 $11) 23... Re6
24. Qd5 (24. Qxf4 Bg5 $19) (24. Nd4 R6e7) 24... Qc6 25. Qxc6 Nxc6 26. Rxe6 Rxe6
27. Kg1 Re2 28. Rf2 $11) 22... Rd8 (22... Qd8 23. Qb5 (23. Qxd8 Rxd8 24. Ne4
Nc4 $132) 23... Rfe7 24. Rxf4 Bg5 25. Rf5 (25. Rf2 Bxd2 $17) 25... Qb8 26. Nf1
$16) 23. Qb3 Qd7 24. Ne4 Re8 $2 $18 {Only this weak move loses the game} (24...
Bh4 $1 25. Rd1 Qg4 26. Rd2 Kh8 (26... f3 27. Nxf3 Rxd2 28. Nexd2 Nxf3+ 29. Nxf3
$16) 27. Qb5 $14) 25. Nxf6+ (25. Rxf4 $18) 25... gxf6 26. Qc2 $6 $16 (26. Kh1
$18 {[%csl Rf4,Rf6,Rg8]}) 26... f3 27. gxf3 Rg7+ (27... Rfe7 28. Kh1 $18) 28.
Kh1 Kh8 29. Qf5 $1 Qf7 30. Qh3 Reg8 (30... Rg6 31. f4 Ng4 32. Qf3 Rxe1 33. Rxe1
Qd5 34. Re2 $18) 31. Nf5 (31. Qxh6+ Rh7 32. Qd2 Qxa2 33. Rg1 $16) 31... Rg6 $2
$18 (31... Rh7 32. b3 $16) 32. Re4 $2 $16 (32. Rxe5 $1 fxe5 33. Nxh6 $18) 32...
Qh7 33. Rh4 Nf7 $4 $18 (33... Nd3 $1 {[%csl Rh1][%cal Gg6g1,Gd3f2]} 34. Rg4 $16
) 34. Ne7 1-0

[Event "Ubeda op 5th"]
[Site "Ubeda"]
[Date "2000.01.27"]
[Round "9"]
[White "Sargissian, Gabriel"]
[Black "Sorokin, Maxim"]
[Result "1/2-1/2"]
[WhiteElo "2442"]
[BlackElo "2572"]
[Annotator "Alterman,B"]
[PlyCount "69"]
[EventDate "2000.01.19"]
[EventType "swiss"]
[EventRounds "10"]
[EventCountry "ESP"]
[SourceTitle "CBM 075"]
[Source "ChessBase"]
[SourceDate "2000.04.05"]
[SourceVersion "1"]
[SourceVersionDate "2000.04.05"]
[SourceQuality "1"]

1. d4 Nf6 2. Bg5 e6 3. e4 c5 4. e5 h6 5. Bc1 Nd5 (5... Nh7 6. d5 d6 7. Bb5+ Bd7
8. Qe2 Bxb5 9. Qxb5+ Qd7 10. Nc3 exd5 11. Qe2 dxe5 12. Bf4 Nc6 13. O-O-O Qe6
14. Nf3 exf4 15. Qb5 O-O-O {0-1 Wagner,B-Danzer,G/Bayern 1999/EXT 2000 (15)})
6. c4 Ne7 $146 (6... Nb6 7. d5 (7. dxc5 Bxc5 8. Nf3 (8. Qg4 Kf8 9. Nf3 d6 10.
Bf4 Nc6 11. Nc3 dxe5 12. Nxe5 Qd4 13. Qg3 g5 14. Be3 Qxe5 15. Qxe5 {Vigus,
J-Williams,L/GBR 1998/EXT 99/1-0 (42)}) 8... d5 9. exd6 Qxd6 10. Qxd6 Bxd6 11.
Nc3 Nc6 12. Bd2 Nd7 13. O-O-O Ke7 14. Nb5 {1/2-1/2 Soffer,R-Yudasin,L/Tel Aviv
1994/EXT 97 (14)}) 7... d6 8. exd6 Bxd6 9. Nf3 exd5 10. cxd5 O-O 11. Nc3 N8d7
12. Be2 Nf6 13. Be3 Re8 14. Qd2 Bg4 15. O-O-O Ne4 16. Nxe4 Rxe4 $40 {0-1
Kinsman,A-Gofshtein,L/Paris 1996/EXT 97 (30)}) 7. dxc5 Nbc6 8. Nc3 Nxe5 9. Nb5
Nf5 10. Bf4 a6 11. Qa4 (11. Bxe5 axb5 12. g4 Qa5+ 13. Qd2 Qxd2+ 14. Kxd2 d6 15.
cxd6 Nxd6 16. cxb5 Bd7 $44) 11... f6 12. Qa3 axb5 $5 {[%mdl 640] Intesting
exchange sacrifice.Thanks to the development advantage black start an attack
the white's king .} (12... Bxc5 13. Qxc5 axb5 14. cxb5 d6 15. Qb4 O-O $13) 13.
Qxa8 bxc4 14. Rc1 Bxc5 15. Bxc4 (15. Bxe5 fxe5 16. Bxc4 Bb4+) 15... Bb4+ 16.
Kf1 O-O 17. Be2 (17. a3 d5 $1 18. Be2 Bd6 $44) 17... d5 18. Nf3 Nc6 (18... Bd6
$5) 19. Bd2 Be7 (19... Qb6 $1 {Was much stronger.Black has a pleasant position
and white should to think about draw.}) 20. Qa4 e5 21. Nh4 Ncd4 $6 {[%mdl 8192]
This enough only for draw.Better is} (21... Nxh4 22. Qxh4 Nd4 $1 {[%cal Gf6f5,
Ge5e4] And black's initiative is dangerous.}) 22. Ng6 Bd7 23. Qa5 Nxe2 24. Kxe2
Qxa5 25. Bxa5 Ra8 {Black return the pawn and equalize the game.} 26. Nxe7+ Nxe7
27. Rc7 Bb5+ 28. Kd2 Nc6 29. b4 b6 30. a4 Bxa4 31. Bxb6 Bb5 32. Rc1 Ra2+ 33.
Rc2 Rxc2+ 34. Kxc2 Nxb4+ 35. Kd2 1/2-1/2

[Event "ROM-ch"]
[Site "Iasi"]
[Date "1999.12.25"]
[Round "13"]
[White "Nanu, Ciprian Costica"]
[Black "Nevednichy, Vladislav"]
[Result "0-1"]
[WhiteElo "2397"]
[BlackElo "2537"]
[Annotator "Alterman,B"]
[PlyCount "86"]
[EventDate "1999.12.13"]
[EventType "tourn"]
[EventRounds "15"]
[EventCountry "ROU"]
[EventCategory "9"]
[SourceTitle "CBM 075"]
[Source "ChessBase"]
[SourceDate "2000.04.05"]
[SourceVersion "1"]
[SourceVersionDate "2000.04.05"]
[SourceQuality "1"]

1. d4 Nf6 2. Bg5 c6 3. Bxf6 gxf6 (3... exf6 4. c4 Bb4+ 5. Nd2 d5 6. e3 Be6 7.
cxd5 Bxd5 8. a3 Bd6 9. e4 Be6 10. Bc4 Bxc4 11. Nxc4 O-O 12. Ne2 Re8 13. Qc2 Bc7
14. O-O Nd7 15. Rad1 Nb6 16. Ne3 Qe7 17. Nc3 Rad8 18. f4 {Hodgson,J-Slobodjan,
R/Germany 1999/EXT 2000/1-0 (28)}) 4. e3 Qb6 (4... d6 5. c4 Nd7 6. Nc3 f5 7. g3
Nf6 8. Bg2 Bd7 9. Nf3 Qc7 10. Qc2 Bg7 11. Rc1 e6 12. b4 Rc8 13. O-O O-O 14. Qb1
Qd8 15. a4 d5 16. Ne5 Ne4 17. Nxe4 fxe4 18. f3 exf3 19. Nxf3 {Stefanova,
A-Insua Mellado,J/Sevilla 1999/EXT 2000/1-0 (43)}) 5. b3 $146 (5. Qc1 e5 (5...
c5 6. c3 d5 7. Nf3 Nc6 8. Nbd2 Bg4 9. h3 Bxf3 10. Nxf3 Bh6 11. Qd2 e5 12. dxc5
Qxc5 13. b4 Qd6 14. Nh4 Qd7 15. g4 O-O-O 16. Nf5 Bf8 17. Bg2 Kb8 18. a3 e4 19.
O-O-O Ne5 20. Qa2 Nd3+ 21. Kb1 {0-1 Senoner,E-Bawart,M/Oberwart 1997/EXT 99 
(37)}) 6. Nf3 e4 7. Nfd2 d5 8. c4 Be6 9. Nc3 Nd7 10. a3 h5 11. b4 h4 12. b5 f5
13. bxc6 bxc6 14. cxd5 cxd5 15. Rb1 Qc7 16. Ba6 Be7 17. O-O O-O 18. Nxd5 Qd6
19. Nxe7+ Qxe7 {Senoner,E-Bawart,M/Graz 1997/EXT 2000/0-1 (45)}) 5... c5 6. c3
d5 7. g3 cxd4 8. exd4 h5 9. Bg2 Bg4 10. Ne2 Nc6 11. h3 Bxe2 12. Qxe2 O-O-O 13.
h4 e5 14. dxe5 (14. Qf3 exd4 (14... Bg7) 15. Qxf6 Be7 16. Qf5+ Kb8 $13) 14...
fxe5 15. O-O e4 $17 16. Nd2 Kb8 17. c4 $2 {[%mdl 16384]} (17. b4 Bg7 18. Rac1
Be5 (18... Ne5 19. c4 Nd3 20. Rb1 f5 21. cxd5 Qd4 $17)) 17... Nd4 18. Qd1 f5
19. cxd5 Rxd5 20. Nc4 Qg6 21. Qe1 (21. Kh1 Bg7 22. Qd2 $1 Rhd8 23. Qf4+ Ka8 24.
Rad1 Bh6 25. Qc7 Qg8 $1 $17) 21... Rg8 22. Rd1 Bc5 $6 (22... Bg7 $1) 23. Kh1 a6
24. Qa5 Nc6 25. Qe1 Rxd1 26. Qxd1 e3 (26... Rd8 27. Qc1 Qe6 28. Qf4+ Ka7 29.
Ne3 Nd4 $13) 27. b4 $1 Bxb4 28. Nxe3 f4 29. Nd5 $2 (29. gxf4 $1 Qf6 30. Qxh5
Rh8 31. Qg5 $1 Rxh4+ 32. Kg1 Rxf4 33. Qxf6 Rxf6 $11) 29... Bd6 30. Qb3 fxg3 31.
Nf6 Rg7 32. fxg3 $6 (32. Qe6 Bc7 33. Nd7+ Ka8 34. Qxg6 Rxg6 35. fxg3 Bxg3 36.
Rf6 Rxf6 37. Nxf6 Bxh4 38. Nxh5 Nb4 $19) 32... Nd4 $19 33. Qe3 Nf5 34. Rxf5
Qxf5 35. Ne4 Bc7 36. a4 Qg4 37. Qd2 Rd7 38. Bf3 Qf5 39. Kg2 Qe5 40. Qe2 Rd4 41.
Qc2 Qa5 42. Nc3 Qc5 43. Qb3 Rb4 0-1